000 00591nam a22001937a 4500
005 20140827120841.0
010 _aENG-110613
020 _a9789350530207
_c800.00
035 _aEN-94145
037 _bDBAD/PUB
082 _a346.54016
100 _aGalani, H.N.
245 _aMarriage law in Indian society /
_cby H.N. Galani
260 _aNew Delhi
_bCyber Tech Publications
_c2013
270 _bNew Delhi
_a4264/3, Ansari Road, Daryaganj
_e110002
300 _a232p.
_c22cm(Hb)
500 _aIncludes bibliographical references
942 _2ddc
_cEN
_mGAL
_h346.54016
999 _c87631
_d87631